01677nam a2200313 a 450000100060000000300090000600800410001502000150005604000280007108200170009910000260011624500410014226000300018330000110021350000220022450505190024659000490076565000180081465000280083265000170086065000340087765000470091165000360095865000350099494200120102999900170104195201520105895201530121018028CO-ViMGA141112s2004 ck r 000 u spa d a9586440362 aCO-ViMGAbspacCO-ViMGA04a364.157 D7641 aVargas, Ricardo9876210aDrogas, Poder y región en Colombia aBogotá, cCinep, c1995 a2 Vol. aEn coleccion V. 2 aVOLUMEN (1)Analisis macroeconómico del narcotráfico en la economía Colombiana Narcotráfico, regimen político, violencias y derechos humanos en Colombia Consumo : Decisiones gubernamentales, ONG y problemática popular urbana Analisis y prospección de las políticas de prevención de la farmacodependencia en Colombia 1986 - 1994 Política criminal VOLUMEN (2)Amapola en Colombia Desarrollo alternativo Sustitución de cultivos ilícitos Estructura de una "narcocracia regional" El problema etico aForma de adquisición : Premio - Mincultura14aAMAPOLA9876914aCULTIVOS ILICITOS9876714aDROGAS9876614aNARCOTRAFICO - COLOMBIA9876314aNARCOTRAFICO - Economía - COLOMBIA9876414aNARCOTRAFICO - Política9876514aVIOLENCIA Y NARCOTRAFICO98768 2ddccBK c27405d27405 00102ddc40708002aMEVIECARbMEVIECARd2015-12-04hVolumen. 2 | 11/jun/2009l0o364.157 D764 p18028r2015-12-04 00:00:00tEj. 1w2015-12-04yBK 00102ddc40708002aMEVIECARbMEVIECARd2015-12-04hVolumen. 2 | 11/jun/2009l0o364.157 D764 p018028r2018-05-04 00:00:00tEj. 1w2018-05-04yBK